Código aeronáutico

Spremljeno u:
Bibliografski detalji
Format: Knjiga
Jezik:španjolski
Izdano: Santiago LexisNexis 2007
Izdanje:7a. ed
Teme:
Oznake: Dodaj oznaku
Bez oznaka, Budi prvi tko označuje ovaj zapis!

MARC

LEADER 00000nam a2200000 a 4500
001 UCI5181
003 CL-VaPUC
008 080314e20070000CL |||||||||||||||||spa|d
020 |a 9562384667 
082 0 4 |a 343.83097  |b COD  |2 21 
245 1 0 |a Código aeronáutico 
250 |a 7a. ed 
300 |a 199 p 
942 |c BK 
945 |d 20080314 00:00:00  |a jtorresc 
260 |a Santiago  |b LexisNexis  |c 2007 
500 |a Incluye: Citas de jurisprudencia. Anotaciones y concordancias. Indice temático 
500 |a Actualizada al 8 de Marzo de 2007 
650 0 |a Derecho aéreo  |9 260765 
650 0 |a Aeronavegación  |9 381471 
650 7 |a RESPONSABILIDAD CIVIL  |2 CL-VaPUC  |9 527318 
650 0 |a Transportes aéreos  |9 260842 
583 |a last modification  |c 20161003 12:18:21  |k Rodrigo Vera 
999 |c 328944  |d 328942